Datum a čas kvízu
19
Celkem bodů
Celkový počet nahraných bodů na tomto kvízu bez doplňovacích otázek.
5.
Pořadí na kvízu
Konečné umístění týmu na tomto kvízu.
Zaznamenané odpovědi
| # | Otázka | Odpověď | Body | Výsledky |
|---|---|---|---|---|
| 1. | Minulý týden navštívil Českou... | Mike Pompeo | 0 | |
| 2. | Prezidentské volby v Bělorusku... | Litva | 1 | |
| 3. | Společnost Disney přejmenovala... | 20th Century Fox (Television) | 0 | |
| 4. | Jak se jmenuje meteorický roj,... | Perseidy | 1 | |
| 5. | Hokejisté Bostonu přišli v prů... | Tuukka Rask | 1 | |
| 6. | Nedávno jsme se zabývali různý... | Hadrián | 0 | |
| 7. | Dne 24. července roku 1177 uza... | Fridrich I. Barbarossa (Rudovous) | 0 | |
| 8. | Dalším špičatým letopočtem v n... | Albrecht Dürer | 0 | |
| 9. | Dostáváme se do novověku, konk... | (von) Laudon | 1 | |
| 10. | Dne 30. dubna 1777 se narodil... | Carl Friedrich Gauss | 0 |